| 000 | 00447nam a2200181 4500 | ||
|---|---|---|---|
| 003 | LK-CoMWRAF | ||
| 005 | 20230905001731.0 | ||
| 008 | 230905b2001 |||||||| |||| 00| 0 eng d | ||
| 020 | _a061810450X | ||
| 040 |
_aLK-CoMWRAF _dLK-CoMWRAF _eLK-CoMWRAF |
||
| 041 | _aeng | ||
| 082 |
_a823 _bRAN |
||
| 100 | _aRandall, Alice | ||
| 245 | _aThe Wind done gone | ||
| 260 |
_aNew York : _bAlice Randall, _c2001 |
||
| 650 | _aEnglish Fiction | ||
| 942 | _cBK | ||
| 999 |
_c3403 _d3403 |
||